Výsledky výberového zisťovania pracovných síl v SR za 2. štvrťrok 1997

Bibliographic Details
Format: Article
Language:Slovak
PhysicalDescription:Tab. 1
Subjects:

MARC

LEADER 00000nab a2200000 a 4500
001 vtls000644226
003 SK-MaSNL
005 20260303165305.0
008 160401c1997 xo 0 slo
015 |a SNBRB19rr/mm-uuuuu 
035 |a CL0644365 
040 |a SNKBUCL  |b slo  |c SNKBUCL  |e AACR2 
041 0 |a slo 
044 |a xo  |c SK 
080 |a 31:331.024(437.6)  |2 1981 
245 0 0 |a Výsledky výberového zisťovania pracovných síl v SR za 2. štvrťrok 1997 
300 |b Tab. 1 
650 0 7 |a pracovná sila  |2 snkbucl  |9 2342 
655 7 |a články z novín a časopisov  |2 snkbucl  |9 267496 
773 0 |t Bulletin  |g Č. 7 (1997), s. A6-A9 
850 |a Slovenská národná knižnica v Martine  |a MTA001 
852 |a SNK  |b KIS3GCP 
958 |a SK 
958 |a RK 
958 |a RBX 
999 |c 2070913  |d 2072843